000 01636cam a2200145 4500500
005 20260405085605.0
041 _afre
042 _adc
100 1 0 _aTallon, Alain
_eauthor
700 1 0 _aVincent, Catherine
_eauthor
245 0 0 _aHistoire du christianisme en France : Des Gaules à l'époque contemporaine
260 _bArmand Colin,
_c2014.
520 _aCet ouvrage propose une vue d’ensemble de la longue histoire du christianisme en France et expose en une synthèse sans équivalent la progressive implantation de cette religion, la mise en place des institutions par lesquelles elle assura l’encadrement de la population, son influence sur la société et la culture, ses relations complexes avec les pouvoirs en place au fur et à mesure de leur affirmation, alors que l’Église s’était dotée pour sa part d’un gouvernement centralisé à l’échelle de l’Occident. Les auteurs, qui tous ont contribué au renouvellement de l’histoire religieuse, envisagent, des origines à nos jours, l’ensemble des familles chrétiennes, au fil de leur apparition, de la faible présence des communautés ariennes jusqu’aux diverses églises réformées, en passant par la dissidence médiévale ; ils restituent au catholicisme français toute sa diversité et la complexité de son évolution au cours des siècles, présentant également les relations que cette religion, longuement dominante, a entretenues avec les autres confessions (judaïsme et islam) et les courants athées.
856 4 1 _uhttps://shs.cairn.info/histoire-du-christianisme-en-france--9782200290665?lang=fr&redirect-ssocas=7080
999 _c2198791
_d2198791